MLB Reliever Of The Year Awards - Statistics

General Stats
  • This quiz has been taken 57 times
  • The average score is 11 of 18
Answer Stats
Year Team Mariano Rivera Winner (AL) % Correct
2022 Guardians Emmanuel Clase
89%
2022 Mets Edwin Diaz
81%
2021 Brewers Josh Hader
81%
2019 Brewers Josh Hader
78%
2018 Brewers Josh Hader
78%
2017 Dodgers Kenley Jansen
72%
2016 Dodgers Kenley Jansen
69%
2019 Yankees Aroldis Chapman
67%
2020 Brewers Devin Williams
67%
2021 White Sox Liam Hendriks
67%
2014 Braves Craig Kimbrel
64%
2017 Red Sox Craig Kimbrel
58%
2020 Athletics Liam Hendriks
56%
2016 Orioles Zack Britton
53%
2018 Mariners Edwin Diaz
50%
2014 Royals Greg Holland
44%
2015 Pirates Mark Melancon
42%
2015 Yankees Andrew Miller
31%
No matching quizzes found
Score Distribution
Percent of People with Each Score
Percentile by Number Answered
Your Score History
You have not taken this quiz